[Event "Collado Villalba op 30th"]
[Site "Collado Villalba"]
[Date "2013.08.24"]
[Round "2"]
[White "Garcia Sanchez Navarro, Mariano"]
[Black "Monmeneu Chulia, Vicente Jose"]
[Result "0-1"]
[WhiteElo "1498"]
[BlackElo "1966"]
[PlyCount "94"]
[EventDate "2013.08.23"]
[EventType "swiss"]
[EventRounds "9"]
[EventCountry "ESP"]
[SourceTitle "CBM 156 Extra"]
[Source "ChessBase"]
[SourceDate "2013.10.22"]
[SourceVersion "1"]
[SourceVersionDate "2013.10.22"]
[SourceQuality "1"]

1. c4 c5 2. Nc3 Nc6 3. e4 Nf6 4. d3 d6 5. Nge2 e5 6. g3 Bg4 7. Bg2 Nd4 8. 0-0 Qd7 9. f3 Bh3 10. Bg5 Be7 11. Bxf6 Bxf6 12. Nd5 Bd8 13. Nxd4 cxd4 14. Bxh3 Qxh3 15. Qa4+ Qd7 16. Qxd7+ Kxd7 17. f4 f6 18. b4 a5 19. b5 a4 20. b6 Ra6 21. Rab1 Be7 22. Rb5 a3 23. f5 h5 24. h4 Rh6 25. Rfb1 Bd8 26. R1b4 Ra8 27. Nc7 Rb8 28. Ne6 Kc6 29. Nxd8+ Rxd8 30. Ra4 g6 31. Rxa3 gxf5 32. Rab3 fxe4 33. dxe4 Ra8 34. a3 Rg6 35. Kf2 Rg4 36. Rf3 Rxe4 37. Rbb3 Kc5 38. Rxf6 Kxc4 39. Rbf3 Kc5 40. Rb3 Re3 41. Rf3 Rxb3 42. Rxb3 e4 43. g4 hxg4 44. Kg3 Kc4 45. Rb4+ Kc3 46. Rb5 Rxa3 47. Rd5 Kc4+ 0-1

[Event "Collado Villalba op-A 29th"]
[Site "Collado Villalba"]
[Date "2012.08.28"]
[Round "5"]
[White "Lorite Cruz, Francisco"]
[Black "Garcia Sanchez Navarro, Mariano"]
[Result "1-0"]
[WhiteElo "2039"]
[BlackElo "1502"]
[PlyCount "69"]
[EventDate "2012.08.24"]
[EventType "swiss"]
[EventRounds "9"]
[EventCountry "ESP"]
[SourceTitle "CBM 150 Extra"]
[Source "ChessBase"]
[SourceDate "2012.10.19"]
[SourceVersion "1"]
[SourceVersionDate "2012.10.19"]
[SourceQuality "1"]

1. d4 Nf6 2. c4 e6 3. Nc3 Bb4 4. Qc2 b6 5. f3 0-0 6. a3 Be7 7. e4 h6 8. Be3 Nh7 9. 0-0-0 c6 10. Bd3 Re8 11. e5 Nf8 12. f4 d5 13. exd6 Bxd6 14. Nf3 Qc7 15. Qd2 Nbd7 16. Ne4 Be7 17. g4 Bb7 18. g5 h5 19. Rhg1 c5 20. Kb1 f5 21. gxf6 Nxf6 22. Nxf6+ Bxf6 23. Ne5 Rad8 24. Qe2 cxd4 25. Bd2 Bxe5 26. fxe5 Re7 27. Bg5 Rf7 28. Bxd8 Qxd8 29. Be4 Ba6 30. Bd3 Qh4 31. Rdf1 Rc7 32. Qf3 Qe7 33. Qxh5 Bxc4 34. Rxf8+ Kxf8 35. Qh8+ 1-0

[Event "Madrid Oliver Gonzalez Memorial 2nd"]
[Site "Madrid"]
[Date "2011.10.09"]
[Round "2"]
[White "Galan Aguado, Fernando"]
[Black "Garcia Sanchez Navarro, Mariano"]
[Result "1-0"]
[WhiteElo "1779"]
[BlackElo "1573"]
[PlyCount "129"]
[EventDate "2011.10.08"]
[EventType "swiss"]
[EventRounds "9"]
[EventCountry "ESP"]
[SourceTitle "CBM 144 Extra"]
[Source "ChessBase"]
[SourceDate "2011.10.28"]
[SourceVersion "1"]
[SourceVersionDate "2011.10.28"]
[SourceQuality "1"]

1. d4 Nf6 2. Nf3 c6 3. e3 d5 4. Bd3 Bg4 5. Nbd2 e6 6. 0-0 Bd6 7. b3 0-0 8. Bb2 Qc7 9. h3 Bh5 10. c4 Bb4 11. Qc2 Bg6 12. Bxg6 hxg6 13. a3 Bxd2 14. Nxd2 Kh7 15. Nf3 Rh8 16. Ne5 Kg8 17. Qe2 Ne4 18. Rad1 Nd7 19. Qg4 Nef6 20. Qg3 Rh6 21. f4 Nh5 22. Qf3 Qd8 23. Rd2 Qe7 24. cxd5 cxd5 25. Rc2 Nxe5 26. fxe5 Rf8 27. g4 Qg5 28. Rg2 Qh4 29. gxh5 Rxh5 30. Rg3 Rf5 31. Qg4 Rxf1+ 32. Kxf1 Qh6 33. Kg2 Kh7 34. Qg5 f5 35. Qxh6+ gxh6 36. Kf3 g5 37. Bc1 Rc8 38. Rg1 Kg6 39. Bd2 h5 40. Rc1 g4+ 41. hxg4 fxg4+ 42. Kg2 Rxc1 43. Bxc1 Kf5 44. Kg3 Ke4 45. b4 b5 46. Bd2 Kd3 47. Bc1 Ke4 48. Bd2 Kd3 49. Bc1 Kc4 50. Kf4 Kd3 51. Bb2 Kc4 52. e4 g3 53. Kxg3 dxe4 54. Kf4 Kd5 55. Bc3 a6 56. Ke3 h4 57. Be1 h3 58. Bg3 Kc4 59. Kxe4 Kb3 60. d5 exd5+ 61. Kxd5 Kxa3 62. Kc5 Ka4 63. e6 a5 64. bxa5 Kxa5 65. e7 1-0

[Event "Madrid Oliver Gonzalez Memorial 2nd"]
[Site "Madrid"]
[Date "2011.10.09"]
[Round "3"]
[White "Garcia Sanchez Navarro, Mariano"]
[Black "Melcon Diez, Enrique"]
[Result "1/2-1/2"]
[WhiteElo "1573"]
[BlackElo "1671"]
[PlyCount "134"]
[EventDate "2011.10.08"]
[EventType "swiss"]
[EventRounds "9"]
[EventCountry "ESP"]
[SourceTitle "CBM 144 Extra"]
[Source "ChessBase"]
[SourceDate "2011.10.28"]
[SourceVersion "1"]
[SourceVersionDate "2011.10.28"]
[SourceQuality "1"]

1. c4 c5 2. Nc3 g6 3. d3 Bg7 4. Bd2 Nc6 5. g3 e6 6. Bg2 Nge7 7. e4 0-0 8. Nge2 d6 9. 0-0 Bd7 10. a3 a6 11. Rb1 b6 12. b4 Qc7 13. b5 Nd4 14. a4 axb5 15. axb5 Ra7 16. Nxd4 cxd4 17. Na4 Rfa8 18. Ra1 e5 19. Qb3 Be6 20. Ra3 Kh8 21. Rfa1 Ng8 22. Nb2 Nf6 23. Rxa7 Rxa7 24. Rxa7 Qxa7 25. Qa4 Qxa4 26. Nxa4 Nd7 27. f4 f6 28. h3 Bf8 29. g4 Be7 30. f5 Bf7 31. h4 g5 32. hxg5 fxg5 33. Nb2 Kg7 34. Na4 Kf6 35. Nb2 Bd8 36. Nd1 h6 37. Nf2 Kg7 38. Nh1 h5 39. gxh5 Bxh5 40. Ng3 Bf7 41. Bf3 Nf6 42. Bxg5 Be7 43. Bxf6+ Kxf6 44. Bh5 Bg8 45. Bg6 Bd8 46. Nh5+ Ke7 47. f6+ Kf8 48. Kg2 Bf7 49. Bxf7 Kxf7 50. Kg3 Bxf6 51. Kg4 Be7 52. Ng3 Kg6 53. Nf5 Bf8 54. Nh4+ Kf6 55. Nf5 Kg6 56. Kh4 Kf6 57. Kh5 Kf7 58. Kg5 Be7+ 59. Nxe7 Kxe7 60. Kg6 Ke6 61. Kg5 Ke7 62. Kf5 Kf7 63. Kg5 Kg7 64. Kh5 Kh7 65. Kg5 Kg7 66. Kf5 Kf7 67. Kg4 Kf6 1/2-1/2

[Event "Collado Villalba op-A 26th"]
[Site "Collado Villalba"]
[Date "2009.08.22"]
[Round "2"]
[White "Garcia Sanchez Navarro, Mariano"]
[Black "Gal, Eugen"]
[Result "1/2-1/2"]
[WhiteElo "1600"]
[BlackElo "1981"]
[PlyCount "80"]
[EventDate "2009.08.21"]
[EventType "swiss"]
[EventRounds "9"]
[EventCountry "ESP"]
[SourceTitle "CBM 132 Extra"]
[Source "ChessBase"]
[SourceDate "2009.11.03"]
[SourceVersion "1"]
[SourceVersionDate "2009.11.03"]
[SourceQuality "1"]

1. f4 d5 2. Nf3 c5 3. e3 Nc6 4. Bb5 Bd7 5. 0-0 Nf6 6. b3 g6 7. Bb2 Bg7 8. Bxc6 Bxc6 9. Ne5 Rc8 10. Nxc6 Rxc6 11. d3 0-0 12. Nd2 Qd7 13. Nf3 Ng4 14. Bxg7 Kxg7 15. Qc1 f6 16. h3 Nh6 17. Qb2 Nf7 18. e4 Kg8 19. e5 d4 20. Rae1 Nd8 21. Re2 Ne6 22. Qc1 f5 23. h4 b5 24. Ng5 Rfc8 25. Rf3 c4 26. Nxe6 Qxe6 27. Qb2 Qd7 28. Rg3 h5 29. bxc4 bxc4 30. dxc4 Kh7 31. e6 Rxe6 32. Rxe6 Qxe6 33. Qxd4 Rxc4 34. Qd2 Qe4 35. Re3 Qxf4 36. Rxe7+ Kh6 37. Qxf4+ Rxf4 38. g3 Ra4 39. Rc7 Rxa2 40. Kf2 a5 1/2-1/2

[Event "Collado Villalba op-A 26th"]
[Site "Collado Villalba"]
[Date "2009.08.21"]
[Round "1"]
[White "Lorite Cruz, Francisco"]
[Black "Garcia Sanchez Navarro, Mariano"]
[Result "1-0"]
[WhiteElo "2084"]
[BlackElo "1600"]
[PlyCount "45"]
[EventDate "2009.08.21"]
[EventType "swiss"]
[EventRounds "9"]
[EventCountry "ESP"]
[SourceTitle "CBM 132 Extra"]
[Source "ChessBase"]
[SourceDate "2009.11.03"]
[SourceVersion "1"]
[SourceVersionDate "2009.11.03"]
[SourceQuality "1"]

1. e4 e5 2. Nf3 Nc6 3. Bc4 Bc5 4. 0-0 Nf6 5. d3 0-0 6. c3 a6 7. b4 Be7 8. Qe2 d6 9. h3 Bd7 10. a3 Qc8 11. d4 exd4 12. cxd4 Na7 13. Nc3 b5 14. Bb3 c6 15. Bg5 Re8 16. Rac1 h6 17. Bh4 Nh7 18. Qa2 d5 19. Bxe7 Rxe7 20. Nxd5 Qd8 21. Nxe7+ Qxe7 22. Ne5 Bxh3 23. Bxf7+ 1-0

[Event "Collado Villalba op 24th"]
[Site "Collado Villalba"]
[Date "2007.08.27"]
[Round "5"]
[White "Tarin Casado, Francisco"]
[Black "Garcia Sanchez Navarro, Mariano"]
[Result "1-0"]
[WhiteElo "1906"]
[BlackElo "1584"]
[PlyCount "83"]
[EventDate "2007.08.23"]
[EventType "swiss"]
[EventRounds "9"]
[EventCountry "ESP"]
[SourceTitle "EXT 2008"]
[Source "ChessBase"]
[SourceDate "2007.11.25"]
[SourceVersion "1"]
[SourceVersionDate "2007.11.25"]
[SourceQuality "1"]

1. e4 e5 2. Nf3 Nc6 3. d4 exd4 4. Nxd4 Bc5 5. Be3 Qf6 6. c3 Nxd4 7. Bxd4 Bxd4 8. Qxd4 Qg5 9. Nd2 d6 10. Nf3 Qh6 11. e5 Ne7 12. exd6 cxd6 13. Bb5+ Nc6 14. Qe4+ Qe6 15. Qxe6+ fxe6 16. 0-0-0 Ke7 17. Nd4 Nxd4 18. Rxd4 a6 19. Bc4 b5 20. Bb3 a5 21. Re1 a4 22. Bxe6 Bxe6 23. Rde4 Kd7 24. Rxe6 g6 25. Re7+ Kc6 26. f3 Rac8 27. R1e4 d5 28. Rh4 Rc7 29. Re6+ Kc5 30. Kd2 Rc6 31. Rxc6+ Kxc6 32. Rf4 Rd8 33. Rf7 h5 34. Rf6+ Rd6 35. Rxd6+ Kxd6 36. Ke3 Kc5 37. Kd3 b4 38. cxb4+ Kxb4 39. Kd4 g5 40. Kxd5 a3 41. bxa3+ Kxa3 42. Ke4 1-0